000
00244nam a2200097Ia 4500
001
1250354
005
20251031150854.0
008
251031s9999 xx 000 0 und d
245
0
_c
KAHRAMAN TAZEOĞLU
_a
C-5 İNTİKAM
260
_b
DESTEK YAYINLARI
999
_c
1250354
_d
1250354